Catálogo
 En Linea

Cien años de ilustraciones en Heraldo de Aragon, 1895-1995 / (Registro nro. 22841)

Detalles MARC
000 -CABECERA
campo de control de longitud fija 00887nam a2200217 a 4500
001 - NÚMERO DE CONTROL
campo de control 000023344
005 - FECHA Y HORA DE LA ÚLTIMA TRANSACCIÓN
campo de control 20200930022144.0
008 - DATOS DE LONGITUD FIJA--INFORMACIÓN GENERAL
campo de control de longitud fija 101202s1995 sp a r 000 0 spa d
020 ## - NÚMERO INTERNACIONAL ESTÁNDAR DEL LIBRO
Número Internacional Estándar del Libro 8478202862
040 ## - FUENTE DE LA CATALOGACIÓN
Centro catalogador/agencia de origen DO-SdBNP
Lengua de catalogación spa
Centro/agencia transcriptor BNPHU
082 ## - NÚMERO DE LA CLASIFICACIÓN DECIMAL DEWEY
Número de clasificación 076.4655
Número de documento/Ítem V476c
100 1# - ENTRADA PRINCIPAL--NOMBRE DE PERSONA
Nombre de persona Veras Sanz, Francisco Javier,
Fechas asociadas al nombre 1918-2000.
9 (RLIN) 48084
245 10 - MENCIÓN DE TÍTULO
Título Cien años de ilustraciones en Heraldo de Aragon, 1895-1995 /
Mención de responsabilidad, etc. Francisco Javier Veras Sanz.
260 ## - PUBLICACIÓN, DISTRIBUCIÓN, ETC.
Lugar de publicación, distribución, etc. Zaragoza :
Nombre del editor, distribuidor, etc. Institución "Fernando el Católico",
Fecha de publicación, distribución, etc. 1995.
300 ## - DESCRIPCIÓN FÍSICA
Extensión 246 p. :
Otras características físicas il. ;
Dimensiones 21 cm.
490 1# - MENCIÓN DE SERIE
Mención de serie Institución "Fernando el Católico"
Designación de volumen o secuencia 1753
504 ## - NOTA DE BIBLIOGRAFÍA, ETC.
Nota de bibliografía, etc. Bibliografía: p. 235-239
500 ## - NOTA GENERAL
Nota general Incluye referencias bibliográficas y notas al pie de las páginas
500 ## - NOTA GENERAL
Nota general Incluye datos biográficos del autor en la solapa y la contracubierta
650 #4 - PUNTO DE ACCESO ADICIONAL DE MATERIA--TÉRMINO DE MATERIA
Término de materia o nombre geográfico como elemento de entrada Prensa
Subdivisión general Historia
Subdivisión geográfica Aragón (España{Rpara}
Subdivisión cronológica 1895-1995
9 (RLIN) 48085
Existencias
Estado de retiro Estado de pérdida Restricciones de uso No para préstamo Código de colección Localización permanente Ubicación/localización actual Ubicación en estantería Fecha de adquisición Número de inventario Total de préstamos Signatura topográfica completa Código de barras Fecha visto por última vez Precio válido a partir de Tipo de ítem Koha Número de copia
      Excluido de préstamo Monografías: Libros y Folletos General General Depósito 02.12.2010 LF1   076.4655 V476c 23344-10 25.06.2020 25.06.2020 No se presta  
  Extraviado   Excluido de préstamo Monografías: Libros y Folletos General General Extraviado 26.05.2017 LF1   076.4655 V476c 23344-20 25.06.2020 25.06.2020 No se presta e. 2

Con tecnología Koha